Economics for Eastern Africa. (Record no. 2819)

MARC details
005 - DATE AND TIME OF LATEST TRANSACTION
control field 20250529093617.0
020 ## - INTERNATIONAL STANDARD BOOK NUMBER
International Standard Book Number 9966 46 143 4
082 ## - DEWEY DECIMAL CLASSIFICATION NUMBER
Classification number 330.096 LIV
100 ## - MAIN ENTRY--PERSONAL NAME
Author name LIVINGSTONE, I.
245 ## - TITLE STATEMENT
Title Economics for Eastern Africa.
260 ## - PUBLICATION, DISTRIBUTION, ETC.
Place of publication, distribution, etc. Nairobi,
Name of publisher, distributor, etc. East African Educational,
Date of publication, distribution, etc. 1991.
300 ## - PHYSICAL DESCRIPTION
Extent xviii, 572p.: ill.; figure, table
Other physical details Index
Dimensions 24cm
700 ## - ADDED ENTRY--PERSONAL NAME
Other authors/Editors ORD, H. W.
942 ## - ADDED ENTRY ELEMENTS (KOHA)
Source of classification or shelving scheme Dewey Decimal Classification
Koha item type Books
Holdings
Date last seen Total checkouts Full call number Barcode Cost, replacement price Price effective from Koha item type Lost status Source of classification or shelving scheme Damaged status Not for loan Withdrawn status Home library Current library Shelving location Date acquired Cost, normal purchase price
05/29/2025   330.096 LIV 00000010420 49500.00 05/29/2025 Books   Dewey Decimal Classification       College of Business Education Main Library College of Business Education Main Library Special Reserve Collection 12/11/2017 16500.00